Rhyme Time Rush - Sudden Death - Statistics

General Stats
  • This quiz has been taken 107 times
  • The average score is 5 of 20
Answers on the Grid
Answers color-coded by a green-red scale on the quiz's grid according to % correct below.
Absolute
Allow
Bread
Brownie
Cheer
Cloak
Dock
Drive
Eyebrow
Fear
Field
Hoot
Igloo
Jazz
Mask
Nail
Navigate
Park
Peeled
Quack
Random
Shed
Spoke
Star
Sunny
Trait
Twin
Welcome
Whale
Xylophone
Yellow
Yoga
 
Answer Stats
Answer % Correct
Bread
43%
Whale
43%
Nail
41%
Cheer
39%
Fear
34%
Shed
33%
Cloak
30%
Allow
28%
Absolute
26%
Eyebrow
26%
Field
25%
Spoke
23%
Trait
20%
Navigate
16%
Brownie
13%
Peeled
13%
Hoot
11%
Random
11%
Sunny
11%
Welcome
8%
No matching quizzes found
Score Distribution
Percent of People with Each Score
Percentile by Number Answered
Your Score History
You have not taken this quiz